000 00599nam a2200205Ii 4500
003 JO-AjNU
008 230606s9999||||xx |||||||||||||| ||und||
020 _a978-81905839-2-3
040 _aJO-AjNU
_beng
_erda
_cJO-AjNU
041 _aeng
050 1 4 _aQA76.67.2007
100 3 _aBangia,Ramesh,
_eauthor
_9180
245 0 0 _a Systematic Solutions for Learners Web Design
264 3 1 _aKHANNA BOOK PUBLISHING:NEW DELHI,2007
300 _a340p
336 _atext
_btxt
_2rdacontent
337 _aunmediated
_bn
_2rdamedia
338 _avolume
_bnc
_2rdacarrier
650 4 _a Web sites -- Design. 
_9181
999 _aE95
_c95
_d95